000 00688nam a2200265Ia 4500
005 20260121114424.0
008 008 260114s9999 xx 000 0 eng d
020 _a9789354246821
037 _aEBOOK
040 _aCRL
040 _beng
040 _cCRL
041 _2eng
041 _aeng
084 _qCRL
100 _aBrown
_9974795
245 4 _aThe Innovation Ultimatum How six strategic technologies will reshape every business in the 2020s
260 _bWiley
260 _c2021
650 _aStrategic Management
_9974796
856 _uhttps://ebooks.wileyindia.com/product-details/283590
942 _cEBOOK
999 _c1554015
_d1554015